Rumi wisdom : daily teachings from the great Sufi master
| Main Author: | |
|---|---|
| Format: | Book |
| Published: |
New Alresford, Hants :
Godsfied Press ,
c2000
|
| Subjects: |
MARC
| LEADER | 00000cam a2200000 7i4500 | ||
|---|---|---|---|
| 001 | 0000048921 | ||
| 005 | 20060302093000.0 | ||
| 008 | 050713s2000 | ||
| 020 | |a 184181024X | ||
| 090 | 0 | 0 | |a PK6481.M63 |b E5 2000 |
| 100 | 0 | |a Freke, Timothy , |e author | |
| 245 | 1 | 0 | |a Rumi wisdom : |b daily teachings from the great Sufi master |c Timothy Freke |
| 260 | 2 | |a New Alresford, Hants : |b Godsfied Press , |c c2000 | |
| 300 | |a 123 p. ; |c 19 cm. | ||
| 504 | |a Includes index | ||
| 650 | 0 | |a Sufi poetry, Persian |x Translations into English | |
| 999 | |a 1000102112 |b Book |c OPEN SHELF (30 DAYS) |e Gong Badak Campus | ||